000 00463cam a22001571 4500
082 _a621.2
_bBAR
_cL-23, P10
100 1 _aBarrows, H. K.
_941088
245 1 0 _aWater power engineering,
_cby H.K. Barrows.
250 _a3d ed.
260 _aNew York,
_bMcGraw-Hill,
_c1943.
300 _aix, 791p.
_billus., diagrs., front.
_c23cm.
526 _a0
_b0
_c0
_d621_200000000000000_BAR
650 0 _aHydraulic engineering.
_93526
650 0 _aMCE
_9379
942 _2ddc
_cBK
999 _c545281
_d545281